=LDR 00000nam 2200000 4500 =001 INLIS000000000810582 =005 20260610083156 =035 ##$$a 0010-0626000019 =007 ta =008 260610################g##########0#ind## =020 ##$$a 9786235280271 =082 ##$$a 333.7209598 =084 ##$$a 333.7209598 A.R t =100 #$$a A.R Rimbawana,Dihan Amiluhur,Putro Wasista =245 1#$$a 32 Tahun Menjarah Alam : $b Penghancuran Lingkungan Di Bawah Orde Baru 1966-1998 =250 ##$$a Cet 1 =260 ##$$a Sleman :$b Buku Mojok,$c 2025 =300 ##$$a xvi + 238 hlm : $b ilustrasi ; $c 13 x 19 cm =500 ##$$a Buku ini merupakan hibah dari santri kelas XII Angkatan 3 =650 #4$$a Kebijakan dan kondisi lingkungan hidup di Indonesia. =990 ##$$a 00000005539 =990 ##$$a 00000005540